Division I Basketball Team Locations - Statistics

General Stats
  • This quiz has been taken 27 times
    3 since last reset
  • The average score is 157 of 363
Answer Stats
School Location % Correct
Akron Akron, OH
67%
UAlbany Albany, NY
67%
New Mexico Albuquerque, NM
67%
Massachusetts Amherst, MA
67%
Navy Annapolis, MD
67%
Michigan Ann Arbor, MI
67%
Georgia Athens, GA
67%
Georgia State Atlanta, GA
67%
Georgia Tech Atlanta, GA
67%
Auburn Auburn, AL
67%
Cal State Bakersfield Bakersfield, CA
67%
Loyola-Maryland Baltimore, MD
67%
LSU Baton Rouge, LA
67%
UC Berkeley Berkeley, CA
67%
Indiana Bloomington, IN
67%
Florida Atlantic Boca Raton, FL
67%
Boise State Boise, ID
67%
Boston University Boston, MA
67%
Colorado Boulder, CO
67%
Bowling Green Bowling Green, OH
67%
Montana State Bozeman, MT
67%
Fordham Bronx, NY
67%
Manhattan Bronx, NY
67%
Long Island Brooklyn, NY
67%
Buffalo Buffalo, NY
67%
Harvard Cambridge, MA
67%
North Carolina Chapel Hill, NC
67%
Charleston Charleston, SC
67%
The CItadel Charleston, SC
67%
Charlotte Charlotte, NC
67%
Chattanooga Chattanooga, TN
67%
Chicago State Chicago, IL
67%
DePaul Chicago, IL
67%
Loyola-Chicago Chicago, IL
67%
Cincinnati Cincinnati, OH
67%
Clemson Clemson, SC
67%
Cleveland State Cleveland, OH
67%
Air Force Colorado Springs, CO
67%
Coastal Carolina Conway, SC
67%
Miami (FL) Coral Gables, FL
67%
Davidson Davidson, NC
67%
Dayton Dayton, OH
67%
Denver Denver, CO
67%
Detroit Mercy Detroit, MI
67%
Duke Durham, NC
67%
Elon Elon, NC
67%
Evansville Evansville, IN
67%
Fairfield Fairfield, CT
67%
North Dakota State Fargo, ND
67%
Fresno State Fresno, CA
67%
Cal State Fullerton Fullerton, CA
67%
Florida Gainesville, FL
67%
Grambling State Grambling, LA
67%
North Dakota Grand Forks, ND
67%
Green Bay Green Bay, WI
67%
Hampton Hampton, VA
67%
High Point High Point, NC
67%
Hawai'i Honolulu, HI
67%
Houston Houston, TX
67%
Houston Christian Houston, TX
67%
Butler Indianapolis, IN
67%
IU Indianapolis Indianapolis, IN
67%
Jackson State Jackson, MS
67%
Jacksonville State Jacksonville, AL
67%
Jacksonville Jacksonville, FL
67%
Kansas City Kansas City, MO
67%
Kent State Kent, OH
67%
Louisiana Lafayette, LA
67%
New Mexico State Las Cruces, NM
67%
Kansas Lawrence, KS
67%
Nebraska Lincoln, NE
67%
Little Rock Little Rock, AR
67%
Long Beach State Long Beach, CA
67%
Loyola Marymount Los Angeles, CA
67%
Louisville Louisville, KY
67%
UMass Lowell Lowell, MA
67%
Kansas State Manhattan, KS
67%
Columbia Manhattan, NY
67%
Memphis Memphis, TN
67%
Florida International Miami, FL
67%
Montana Missoula, MT
67%
UL-Monroe Monroe, LA
67%
Morehead State Morehead, KY
67%
Murray State Murray, KY
67%
Belmont Nashville, TN
67%
Delaware Newark, DE
67%
New Orleans New Orleans, LA
67%
Norfolk State Norfolk, VA
67%
Cal State Northridge Northridge, CA
67%
Creighton Omaha, NE
67%
Central Florida (UCF) Orlando, FL
67%
Drexel Philadelphia, PA
67%
La Salle Philadelphia, PA
67%
Grand Canyon Phoenix, AZ
67%
Arkansas-Pine Bluff Pine Bluff, AR
67%
Duquesne Pittsburgh, PA
67%
Marist Poughkeepsie, NY
67%
BYU Provo, UT
67%
North Carolina State Raleigh, NC
67%
Nevada Reno, NV
67%
Connecticut Storrs, CT
67%
Florida A&M Tallahassee, FL
67%
Florida State Tallahassee, FL
67%
Fairleigh Dickinson Teaneck, NJ
67%
Arizona State Tempe, AZ
67%
Arizona Tucson, AZ
67%
Alabama Tuscaloosa, AL
67%
Illinois Urbana-Champaign, IL
67%
Binghamton Vestal, NY
67%
Baylor Waco, TX
67%
American Washington, D.C.
67%
George Washington Washington, D.C.
67%
Georgetown Washington, D.C.
67%
Army West Point, NY
67%
Abilene Christian Abilene, TX
33%
Iowa State Ames, IA
33%
UT-Arlington Arlington, TX
33%
UNC Asheville Asheville, NC
33%
Ohio Athens, OH
33%
Texas Austin, TX
33%
Coppin State Baltimore, MD
33%
Morgan State Baltimore, MD
33%
Southern Baton Rouge, LA
33%
Lamar Beaumont, TX
33%
Lehigh Bethlehem, PA
33%
UAB Birmingham, AL
33%
Virginia Tech Blacksburg, VA
33%
Gardner-Webb Boiling Springs, NC
33%
Appalachian State Boone, NC
33%
Northeastern Boston, MA
33%
Western Kentucky Bowling Green, KY
33%
South Dakota State Brookings, SD
33%
Canisius Buffalo, NY
33%
Campbell Buies Creek, NC
33%
Vermont Burlington, VT
33%
Southeast Missouri State Cape Girardeau
33%
Southern Illinois Carbondale, IL
33%
West Georgia Carrollton, GA
33%
Southern Utah Cedar City, UT
33%
Northern Iowa Cedar Falls, IA
33%
Eastern Illinois Charleston, IL
33%
Queens Charlotte, NC
33%
Virginia Charlottesville, VA
33%
Eastern Washington Cheney, WA
33%
Boston College Chestnut Hill, MA
33%
Illinois-Chicago (UIC) Chicago, IL
33%
Xavier Cincinnati, OH
33%
Austin Peay Clarksville, TN
33%
Presbyterian Clinton, SC
33%
Maryland College Park, MD
33%
Texas A&M College Station, TX
33%
Missouri Columbia, MO
33%
South Carolina Columbia, SC
33%
Ohio State Columbus, OH
33%
Texas A&M-Commerce Commerce, TX
33%
Central Arkansas Conway, AR
33%
Tennessee Tech Cookeville, TN
33%
Texas A&M-Corpus Christi Corpus Christi, TX
33%
Oregon State Corvallis, OR
33%
Western Carolina Cullowhee, NC
33%
SMU Dallas, TX
33%
UC Davis Davis, CA
33%
Bethune-Cookman Daytona Beach, FL
33%
Wright State Dayton, OH
33%
Northern Illinois DeKalb, IL
33%
Stetson DeLand, FL
33%
North Texas Denton, TX
33%
Drake Des Moines, IA
33%
Delaware State Dover, DE
33%
North Carolina Central Durham, NC
33%
New Hampshire Durham, NH
33%
Michigan State East Lansing, MI
33%
Stonehill Easton, MA
33%
Lafayette Easton, PA
33%
UTRGV Edinburg, TX
33%
SIU Edwardsville Edwardsville, IL
33%
UTEP El Paso, TX
33%
Mercyhurst Erie, PA
33%
Oregon Eugene, OR
33%
Northwestern Evanston, IL
33%
Southern Indiana Evansville, IN
33%
George Mason Fairfax, VA
33%
Sacred Heart Fairfield, CT
33%
Longwood Farmville, VA
33%
Arkansas Fayetteville, AR
33%
Northern Arizona Flagstaff, AZ
33%
North Alabama Florence, AL
33%
Colorado State Fort Collins, CO
33%
Florida Gulf Coast Fort Myers, FL
33%
Purdue Fort Wayne Fort Wayne, IN
33%
Texas Christian Fort Worth, TX
33%
Northern Colorado Greeley, CO
33%
North Carolina A&T Greensboro, NC
33%
UNC Greensboro Greensboro, NC
33%
East Carolina Greenville, NC
33%
Quinnipiac Hamden, CT
33%
Colgate Hamilton, NY
33%
Dartmouth Hanover, NH
33%
James Madison Harrisonburg, VA
33%
Southern Mississippi Hattiesburg, MS
33%
Hofstra Hempstead, NY
33%
Northern Kentucky Highland Heights, KY
33%
Rice Houston, TX
33%
Texas Southern Houston, TX
33%
Marshall Huntington, WV
33%
Sam Houston State Huntsville, TX
33%
Iowa Iowa City, IA
33%
UC Irvine Irvine, CA
33%
Mississippi Valley State Itta Bena, MS
33%
North Florida Jacksonville, FL
33%
St. Peter's Jersey City, NJ
33%
East Tennessee State Johnson City, TN
33%
Arkansas State Jonesboro, AR
33%
Western Michigan Kalamazoo, MI
33%
Kennesaw State Kennesaw, GA
33%
Rhode Island Kingston, RI
33%
Tennessee Knoxville, TN
33%
McNeese State Lake Charles, LA
33%
Wyoming Laramie, WY
33%
UNLV Las Vegas, NV
33%
Rider Lawrenceville, NJ
33%
Bucknell Lewisburg, PA
33%
Niagara Lewiston, NY
33%
Kentucky Lexington, KY
33%
VMI Lexington, VA
33%
Utah State Logan, UT
33%
Alcorn State Lorman, MS
33%
UCLA Los Angeles, CA
33%
Southern California (USC) Los Angeles, CA
33%
Siena Loudonville, NY
33%
Bellarmine Louisville, KY
33%
Texas Tech Lubbock, TX
33%
Liberty Lynchburg, VA
33%
Western Illinois Macomb, IL
33%
Mercer Macon, GA
33%
Wisconsin Madison, WI
33%
Pepperdine Malibu, CA
33%
UT-Martin Martin, TN
33%
Milwaukee Milwaukee, WI
33%
Minnesota Minneapolis, MN
33%
South Alabama Mobile, AL
33%
Alabama State Montgomery, AL
33%
Robert Morris Moon Township, PA
33%
St. Mary's Moraga, CA
33%
West Virginia Morgantown, WV
33%
Idaho Moscow, ID
33%
Central Michigan Mount Pleasant, MI
33%
Ball State Muncie, IN
33%
Middle Tennessee Murfreesboro, TN
33%
Stephen F. Austin Nacogdoches, TX
33%
Lipscomb Nashville, TN
33%
Tennessee State Nashville, TN
33%
Vanderbilt Nashville, TN
33%
Northwestern State Natchitoches, LA
33%
NJIT Newark, NJ
33%
Central Connecticut New Britain, CT
33%
Yale New Haven, CT
33%
Tulane New Orleans, LA
33%
Iona New Rochelle, NY
33%
Old Dominion Norfolk, VA
33%
Alabama A&M Normal, AL
33%
Illinois State Normal, IL
33%
Oklahoma Norman, OK
33%
Merrimack North Andover, MA
33%
Charleston Southern North Charleston, SC
33%
Weber State Ogden, UT
33%
Omaha Omaha, NE
33%
South Carolina State Orangeburg, SC
33%
Utah Valley Orem, UT
33%
Maine Orono, ME
33%
Mississippi Oxford, MS
33%
Miami (OH) Oxford, OH
33%
Stanford Palo Alto, CA
33%
Bradley Peoria, IL
33%
Penn Philadelphia, PA
33%
St. Joseph's Philadelphia, PA
33%
Temple Philadelphia, PA
33%
Rutgers Piscataway, NJ
33%
Pittsburgh Pittsburgh, PA
33%
Idaho State Pocatello, ID
33%
Portland Portland, OR
33%
Portland State Portland, OR
33%
Prairie View A&M Prairie View, TX
33%
Maryland-Eastern Shore Princess Anne, MD
33%
Princeton Princeton, NJ
33%
Brown Providence, RI
33%
Providence Providence, RI
33%
Washington State Pullman, WA
33%
St. John's Queens, NY
33%
Radford Radford, VA
33%
Eastern Kentucky Richmond, KY
33%
Richmond Richmond, VA
33%
VCU Richmond, VA
33%
Cal Baptist Riverside, CA
33%
UC Riverside Riverside, CA
33%
Oakland Rochester, MI
33%
Winthrop Rock Hill, SC
33%
Louisiana Tech Ruston, LA
33%
Sacramento State Sacramento, CA
33%
Utah Salt Lake City, UT
33%
Incarnate Word San Antonio, TX
33%
UTSA San Antonio, TX
33%
San Diego San Diego, CA
33%
San Diego State San Diego, CA
33%
UC San Diego San Diego, CA
33%
San Francisco San Francisco, CA
33%
San Jose State San Jose, CA
33%
Cal Poly San Luis Obispo, CA
33%
Texas State San Marcos, TX
33%
UC Santa Barbara Santa Barbara, CA
33%
Santa Clara Santa Clara, CA
33%
Seattle Seattle, WA
33%
Washington Seattle, WA
33%
Bryant Smithfield, RI
33%
Notre Dame South Bend, IN
33%
Seton Hall South Orange, NJ
33%
SC Upstate Spartanburg, SC
33%
Wofford Spartanburg, SC
33%
Gonzaga Spokane, WA
33%
Missouri State Springfield, MO
33%
Mississippi State Starkville, MS
33%
Penn State State College, PA
33%
Wagner Staten Island, NY
33%
Georgia Southern Statesboro, GA
33%
St. Bonaventure St. Bonaventure, NY
33%
Lindenwood St. Charles, MO
33%
Tarleton State Stephenville, TX
33%
Utah Tech St. George, UT
33%
Oklahoma State Stillwater, OK
33%
Saint Louis St. Louis, MO
33%
Pacific Stockton, CA
33%
Stony Brook Stony Brook, NY
33%
St. Thomas St. Paul, MN
33%
Syracuse Syracuse, NY
33%
South Florida (USF) Tampa, FL
33%
Indiana State Terre Haute, IN
33%
Nicholls State Thibodaux, LA
33%
Toledo Toledo, OH
33%
Towson Towson, MD
33%
Troy Troy, AL
33%
Oral Roberts Tulsa, OK
33%
Tulsa Tulsa, OK
33%
Valparaiso Valparaiso, IN
33%
South Dakota Vermillion, SD
33%
Villanova Villanova, PA
33%
Howard Washington, D.C.
33%
New Haven West Haven, CT
33%
Purdue West Lafayette, IN
33%
Monmouth West Long Branch, NJ
33%
Wichita State Wichita, KS
33%
William & Mary Williamsburg, VA
33%
UNC Wilmington Wilmington, NC
33%
Wake Forest Winston-Salem, NC
33%
Holy Cross Worcester, MA
33%
Youngstown State Youngstown, OH
33%
Eastern Michigan Ypsilanti, MI
33%
Maryland-Baltimore County (UMBC) Catonsville, MD
0%
Le Moyne DeWitt, NY
0%
Mount St. Mary's Emmitsburg, MD
0%
Furman Greenville, SC
0%
Southeastern Louisiana Hammond, LA
0%
Samford Homewood, AL
0%
St. Francis (PA) Loretto, PA
0%
No matching quizzes found
Score Distribution
Percent of People with Each Score
Percentile by Number Answered
Your Score History
You have not taken this quiz since the last reset